000
00366nam a2200157 a 4500
005
20140414132054.0
008
100520s19uu xx 00 eng d
050
_a
REF 599.8
_b
R43 2000
100
_a
Redmond, Ian
245
_a
Gorilla, Monkey, & Ape.
440
_a
Eyewitness books
650
_a
Gorilla
650
_a
Monkey
650
_a
Ape
999
_c
114276
_d
114276